Odpočítanie daňovej straty v daňovom priznaní v roku 2020
Dosahovanie zisku podnikateľského subjektu v konkurenčnom prostredí. Spôsob odpočítavania daňovej straty definovaný v § 30 zákona č. 595/2003 Z. z. o dani z príjmov. Osobitné opatrenia na odpočítanie daňovej straty v súvislosti so šírením koronavírusu Covid-19.
Guardado en:
| Autor principal: | |
|---|---|
| Formato: | Capítulo de libro |
| Lenguaje: | eslovaco |
| Materias: | |
| Etiquetas: |
Sin Etiquetas, Sea el primero en etiquetar este registro!
|
MARC
| LEADER | 00000naa a2200000 4500 | ||
|---|---|---|---|
| 001 | 0268663 | ||
| 005 | 20200925095221.9 | ||
| 041 | 0 | |a slo | |
| 044 | |a SK | ||
| 245 | 1 | 0 | |a Odpočítanie daňovej straty v daňovom priznaní v roku 2020 |c Anton Kolembus |
| 520 | |a Dosahovanie zisku podnikateľského subjektu v konkurenčnom prostredí. Spôsob odpočítavania daňovej straty definovaný v § 30 zákona č. 595/2003 Z. z. o dani z príjmov. Osobitné opatrenia na odpočítanie daňovej straty v súvislosti so šírením koronavírusu Covid-19. | ||
| 610 | 2 | 0 | |a strata daňová |
| 610 | 2 | 0 | |a priznania daňové |
| 610 | 2 | 0 | |a zisk podnikateľský |
| 610 | 2 | 0 | |a odpočet straty |
| 100 | 1 | |a Kolembus, Anton | |